000 00975nam a2200289 a 4500
003 CBULib
005 20240808095122.0
008 161013s2001 ||||||||||||||||| || u
020 _a9211125200
040 _aCBULib
_bEnglish
_cCBULib
_erda
041 _aeng
050 _aUNCTAD(058)TDR/2001
110 _aUnited Nations Conference on Trade and Development (UNCTAD)
245 1 0 _aTrade and development report, 2001
_c/ by United Nations Conference on Trade and Development (UNCTAD)
260 _aNew York :
_bUnited Nations,
_c2001.
300 _ax, 164 pages : illustrations
336 _2rdacontent
_aText |
_btxt
337 _2rdamedia
_aUnmediated |
_bn
338 _2rdacarrier
_aVolume
_bnc
500 _aBibliography
650 _aINTERNATIONAL FINANCE
650 0 _aCOMMERCIAL POLICY
650 0 _aFOREIGN TRADE REGULATION
650 _aINTERNATIONAL EXCHANGE RATE
942 _2mc
_c029
999 _c60109
_d60109